La síntesis viviente

Guardat en:
Dades bibliogràfiques
Autor principal: Belaunde, Víctor Andrés (Autor)
Format: Llibre
Idioma:espanyol
Publicat: Madrid Cultura Hispánica 1950
Matèries:
Etiquetes: Afegir etiqueta
Sense etiquetes, Sigues el primer a etiquetar aquest registre!

MARC

LEADER 00000nam a2200000 a 4500
001 UCO2377
003 CL-VaPUC
008 000602e19500000SP |||||||||||||||||spa|d
082 0 4 |a 121  |b BEL  |2 21 
100 |a Belaunde, Víctor Andrés  |e author  |9 438243 
245 1 3 |a La síntesis viviente 
300 |a 158 p 
942 |c BK 
945 |d 20000602 00:00:00  |a rherrera 
260 |a Madrid  |b Cultura Hispánica  |c 1950 
650 0 |a Filosofía cultural  |9 312300 
650 0 |a Ensayos  |9 268724 
650 7 |a CULTURA ESPAÑOLA  |2 CL-VaPUC  |9 434701 
651 0 |a América  |9 255182 
583 |a last modification  |c 20121001 12:08:59  |k Rodrigo Vera 
999 |c 288911  |d 288909 
952 |0 0  |1 0  |4 0  |6 121_000000000000000_BEL_1950  |7 0  |8 A  |9 336888  |a BIBHIS  |b BIBHIS  |d 2019-11-20  |i 1285882  |o 121 BEL 1950  |p 1285882  |r 2025-01-20  |w 2019-11-20  |y BK  |k HIS